| 000 | 00614nam a22002177a 4500 | ||
|---|---|---|---|
| 001 | 2237 | ||
| 005 | 20231113115533.0 | ||
| 020 | _a9780545012300 | ||
| 040 |
_aFISKH _beng _cFISKH _dFISKH |
||
| 082 | _a362.712 | ||
| 100 | _aNelson, May | ||
| 245 |
_aAfter school / _cby May Nelson Illustrated by Ian Forss |
||
| 260 |
_aNew York : _bScholastics, _c2007 |
||
| 300 |
_a12 pages : _billustrations _c29 cm |
||
| 505 | _aD | ||
| 520 | _aDescribes what children do who go to after school care. | ||
| 521 |
_a300 _bLexile estimate |
||
| 521 |
_aD _bRaz-Plus |
||
| 700 |
_aForss, Ian _eIllustrator |
||
| 942 |
_2ddc _cBK _n0 |
||
| 999 |
_c2237 _d2237 |
||